00758cam a2200241 a 4500001000800000005001700008008004100025010001700066020001500083040002300098041000800121060001600129080001600145082002000161100000600181101000800187245009300195504003900288906004500327942001200372999001700384952011500401424056620180215072515.0830331s1983 nyua b 001 0 eng c a 83002823  a0125124600 aDNLM/DLCcDLCdDLC aeng aWL 354 H488 a616.8 MIC00a616.8 MIC219 a4 aSHM00aHemisyndromes, psychobiology, neurology, psychiatry /cedited by Michael S. Myslobodsky. aIncludes bibliographies and index. a7bcbccorignewd1eocipf19gy-gencatlg 2ddccBK c42668d42668 00102udc40708PËKGa002b002cPËKGd2018-02-15l0o616.8 MICp002-2998861r2018-02-15w2018-02-15yBK